| 000 | 00726nam a2200217Ia 4500 | ||
|---|---|---|---|
| 005 | 20251020182549.0 | ||
| 008 | 200515s9999 xx 000 0 und d | ||
| 082 | _aD5.3.05/C1/647 | ||
| 100 | _aROSELL CALDERON, Cesar Arturo | ||
| 245 | 0 | _aIrrigación | |
| 260 | _aLima | ||
| 260 | _c1993 | ||
| 300 | _a335 | ||
| 520 | _aAspectos climáticos para la agricultura, demanda del agua por el cultivo de plantas, almacenamientos, presas, desarenador, canales, conductos a presión, estructuras de medición de caudales, estructuras hidráulicas, estructuras para distribuir agua, estruc | ||
| 650 | _aAGRICULTURA | ||
| 650 | _aCLIMATOLOGIA | ||
| 650 | _aIRRIGACIONES | ||
| 650 | _aLIB | ||
| 650 | _aRIEGO | ||
| 942 | _cLIB | ||
| 999 |
_c2665 _d2665 |
||